000
00332nam a2200133Ia 4500
008
191201s1998 xx 000 0 und d
082
_a
621.106
_b
ROH
100
_a
ROBERSON, John A
245
0
_a
Hydraulic Engineering
260
_a
N.Delhi
_b
Jaico Publication House
_c
1998
300
_a
662
650
_a
B.Tech(ME)
942
_2
ddc
_c
BK
999
_c
1789
_d
1789